00731 2200265 4500001002100000005001500021035002000036007000300056008004100059040001700100100001800117245011200135250001300247300002500260020002300285041000800308082000800316084001400324090002000338260004500358850001000403700002100413600001100434990002000445INLIS00000000000321620260528125347 a0010-0421000039ta260528 0  aSBPUPADbind0 aTopik Mulyana1 aPercakapan ringan sehari-hari dalam bahasa Inggris yang gampak di praktik /cTopik Mulyana;editor, Christin a.-Cet. 1 avi, 58 hlm. ;c20 cm a978-602-9110-005-50 aind a428 a428 TOP p a430 YAS s 14-10 a.--Bandung :bGema Buku Nusantara,c2011 aPUPAD0 aeditor, Christin 4aBahasa a039/S/KAPD.2012